Les plus gros transferts du football - Défenseurs centraux - 2017-2018 - Statistiques

Statistiques générales
  • Ce quiz a été pris 41 fois
  • Le résultat moyen est 7 sur 10
Statistiques - réponses
Montant de transfert (M €) Nationalité Venant de Allant à Joueur % Correct
84,65 Pays-Bas Southampton Liverpool Virgil van Dijk
100%
65,00 France / Espagne Athletic Manchester City Aymeric Laporte
98%
34,00 Slovaquie Sampdoria Inter Milan Skriniar
83%
35,00 Suède Benfica Manchester United Victor Lindelöf
83%
35,00 Allemagne AS Roma Chelsea Antonio Rüdiger
80%
42,00 Italie Juventus Turin AC Milan Leonardo Bonucci
78%
42,00 Colombie Ajax Tottenham Davinson Sánchez
73%
30,00 Brésil Real Madrid Manchester City Danilo
68%
31,10 Italie Atalanta BC Inter Alessandro Bastoni
48%
32,00 Espagne Real Sociedad Athletic Iñigo Martínez
35%
Aucun quiz correspondant
Distribution des résultats
% des personnes avec chaque résultat
Percentile par nombre de réponses
Votre historique - résultats
Vous n’avez pas pris ce quiz